000 00587nam a2200181 a 4500
001 BRCA_7509
005 20190320205850.0
008 070513s2012----ag-a######---#000-0#spa-#
020 _a251575151515
041 _aspa
_b.G37 2012
100 1 _aGarcía Durán, Fernando
_918513
245 1 0 _aDios Niño
_cautores, Fernando García Durán, Gina Freire de García.
260 _aGuayaquil
_bAlda De Prati Cavanna
_c2012
300 _a197 p.
_bil. a color
_c29 cm.
500 _a2do ejemplar en el Área de Investigación
700 1 _aFreire de García, Gina
_ecoaut.
_918514
942 _2lcc
_cB
999 _c7183
_d7183